00194nam a2200085 4500082001200000100002300012245003400035260003100069300000800100 a541 DAN aDaniels,Farrington aOutline of Physical Chemistry aNew YorkbJohn Wileyc1948 a713